000 00872nam a22002297a 4500
999 _c1189
_d1189
003 AR-CdUCM
008 190226b ||||| |||| 00| 0 spa d
020 _a9789972279041
040 _aMUNICIPALIDAD PROVINCIAL DEL CUSCO
_cBIBLIOTECA MUNICIPAL DEL CUSCO
082 _a320.2.985 /
_bES93
100 _aEstrada Pérez, Daniel
_94652
245 _aLa utopía descentralizada /
260 _aPerú :
_bAsociación Qosqo Runa para la investigación y desarrollo de la cultura,
_bLínea Andina,
_c2008.
300 _a334 páginas ;
_bfotografías, cuadros,
_c20 cm.
505 _aContenido: Territorio -- La mentalidad centralista -- Utopía -- La propuesta -- Las Regiones ...
650 _aCentralismo
_94653
650 _aPerú
_935
650 _aHistorial jurídico
_94654
700 _aMora Cortés, Himilce (compilador)
_94655
942 _2ddc
_cLIBROS
945 _aachl